[Event "North Island Championship"]
[Site "Auckland Chess Centre"]
[Date "2012.07.12"]
[Round "4.7"]
[White "Eade, Don"]
[Black "Yang, Scott"]
[Result "0-1"]
[WhiteElo "1867"]
[BlackElo "2103"]
[PlyCount "84"]
[EventDate "2012.??.??"]

1. e4 d5 2. exd5 Qxd5 3. Nc3 Qa5 4. d4 c6 5. Nf3 Bg4 6. Be2 Nd7 7. O-O Ngf6 8.
Re1 e6 9. Ne5 Bf5 10. Bf4 Bb4 11. Nc4 Qd8 12. Nd6+ Bxd6 13. Bxd6 Nb6 14. Ba3
Qc7 15. Bf3 Nc4 16. Bc5 Nd7 17. b3 Nxc5 18. bxc4 Nd7 19. d5 O-O 20. Qd4 e5 21.
Qd2 Nb6 22. c5 Nd7 23. Qe3 Bxc2 24. Rac1 Bf5 25. dxc6 bxc6 26. Red1 Rfc8 27.
Rd6 Qb7 28. Rcd1 h6 29. Be4 Bg4 30. f3 Be6 31. Qd2 Rc7 32. g4 Re8 33. g5 h5 34.
g6 f6 35. Qf2 f5 36. Bd3 Qb4 37. Rxd7 Rxd7 38. Ne4 Rxd3 39. Rxd3 Qb1+ 40. Qf1
Qxf1+ 41. Kxf1 Bc4 42. Nf2 e4 0-1

[Event "North Island Championship"]
[Site "Auckland Chess Centre"]
[Date "2012.07.12"]
[Round "4.8"]
[White "Milligan, Helen"]
[Black "Ang, Alphaeus Wei Ern"]
[Result "1/2-1/2"]
[WhiteElo "2099"]
[BlackElo "1814"]
[PlyCount "97"]
[EventDate "2012.??.??"]

1. e4 Nc6 2. d4 d5 3. e5 Bf5 4. c3 Qd7 5. Bd3 f6 6. f4 Bxd3 7. Qxd3 fxe5 8.
fxe5 O-O-O 9. Nf3 e6 10. Bg5 Nge7 11. Nbd2 h6 12. Bh4 g5 13. Bf2 Nf5 14. O-O-O
Qf7 15. g4 Nfe7 16. h4 gxh4 17. Bxh4 Bg7 18. Rdf1 Rdf8 19. Rhg1 Ng6 20. Bg3
Nce7 21. Nh4 Qe8 22. Ndf3 Nf4 23. Qe3 Neg6 24. Nxg6 Nxg6 25. Kc2 h5 26. g5 h4
27. Bh2 Ne7 28. Nd2 Nf5 29. Qh3 Qg6 30. Kc1 Rh5 31. Bf4 Ng3 32. Bxg3 Rxf1+ 33.
Rxf1 hxg3 34. Qxg3 Rxg5 35. Qf3 Bh6 36. Qf6 Qxf6 37. Rxf6 Rg1+ 38. Kc2 Bxd2 39.
Kxd2 Rg2+ 40. Kc1 Kd7 41. Rf7+ Kd8 42. a3 a5 43. a4 b6 44. Kb1 Rh2 45. Ka2 Rg2
46. Ka3 Rg3 47. Rh7 Rf3 48. Kb3 Rg3 49. Rf7 {(=)} 1/2-1/2

[Event "North Island Championship"]
[Site "Auckland Chess Centre"]
[Date "2012.07.12"]
[Round "4.9"]
[White "Timergazi, Layla"]
[Black "Roberts, Michael H"]
[Result "1/2-1/2"]
[WhiteElo "1755"]
[BlackElo "1843"]
[PlyCount "152"]
[EventDate "2012.??.??"]

1. d4 Nf6 2. c4 e6 3. Nc3 Bb4 4. Bg5 d6 5. e3 Nbd7 6. Nf3 O-O 7. Bd3 c5 8. Qc2
Qa5 9. O-O Bxc3 10. Qxc3 Qxc3 11. bxc3 b6 12. e4 e5 13. d5 h6 14. Bd2 Re8 15.
Nh4 Nf8 16. Rfe1 Ba6 17. Nf5 Rad8 18. a4 Bc8 19. Ng3 Ng6 20. a5 bxa5 21. Rxa5
a6 22. Rb1 Re7 23. Nf5 Rb7 24. Rxb7 Bxb7 25. f3 Kf8 26. Ra1 Ne7 27. Nxe7 Kxe7
28. Rb1 Rd7 29. f4 Ne8 30. fxe5 dxe5 31. Be3 Rc7 32. Bxc5+ Rxc5 33. Rxb7+ Nc7
34. Kf2 Kd7 35. Ke2 Kc8 36. Rb2 Ne8 37. Ke3 Kc7 38. Rb4 Nd6 39. g4 Ra5 40. Rb2
Rc5 41. Rb4 a5 42. Ra4 Nc8 43. h4 Nb6 44. Ra1 a4 45. Kd2 Ra5 46. Kc2 Kd6 47. h5
Nd7 48. Be2 Nc5 49. Bd3 a3 50. Ra2 Ra4 51. Kd2 Nxd3 52. Kxd3 Kc5 53. Kc2 Kxc4
54. d6 Ra7 55. d7 Rxd7 56. Rxa3 Kc5 57. Ra5+ Kd6 58. Rd5+ Ke6 59. Rxd7 Kxd7 60.
Kb3 g6 61. Kc4 Kd6 62. Kb5 gxh5 63. gxh5 Ke6 64. c4 f5 65. exf5+ Kxf5 66. c5
Ke6 67. Kc4 e4 68. Kd4 e3 69. Kxe3 Kd5 70. Kf4 Kxc5 71. Kf5 Kd6 72. Kg6 Ke6 73.
Kxh6 Kf6 74. Kh7 Kf7 75. Kh8 Kf8 76. h6 Kf7 1/2-1/2

[Event "North Island Championship"]
[Site "Auckland Chess Centre"]
[Date "2012.07.12"]
[Round "4.10"]
[White "Shierlaw, Hamish"]
[Black "Qin, Joy Shu Yan"]
[Result "0-1"]
[WhiteElo "1628"]
[BlackElo "1485"]
[PlyCount "70"]
[EventDate "2012.??.??"]

1. e4 e6 2. d4 d5 3. Nd2 Nf6 4. e5 Nfd7 5. Ngf3 c5 6. c3 a6 7. Be2 Nc6 8. O-O
cxd4 9. cxd4 Be7 10. Nb3 O-O 11. Bd2 f6 12. exf6 Bxf6 13. Re1 Qc7 14. Rc1 Qd6
15. Qc2 e5 16. dxe5 Ndxe5 17. Nbd4 Ng4 18. g3 Bxd4 19. Nxd4 Nce5 20. Bxg4 Nxg4
21. Be3 Nxe3 22. fxe3 Bh3 23. Qc5 Qd8 24. Qc7 Qf6 25. Qc2 Rac8 26. Qe2 Rce8 27.
a3 Rf7 28. Rb1 Ref8 29. Rbc1 Qf2+ 30. Qxf2 Rxf2 31. b4 Rg2+ 32. Kh1 Rff2 33.
Red1 Rxh2+ 34. Kg1 Rfg2+ 35. Kf1 Rh1# 0-1

[Event "North Island Championship"]
[Site "Auckland Chess Centre"]
[Date "2012.07.12"]
[Round "4.11"]
[White "Perry, Roger L"]
[Black "Goodhue, Nathan"]
[Result "1-0"]
[WhiteElo "2068"]
[BlackElo "2118"]
[PlyCount "107"]
[EventDate "2012.??.??"]

1. e4 e5 2. Nf3 Nc6 3. d4 d6 4. Bb5 exd4 5. Nxd4 Bd7 6. Nc3 Nxd4 7. Bxd7+ Qxd7
8. Qxd4 Nf6 9. Be3 Be7 10. f3 O-O 11. O-O-O Qe6 12. Kb1 c5 13. Qd2 a6 14. Nd5
Nxd5 15. Qxd5 b6 16. Bf4 Rfd8 17. Rd2 Qxd5 18. Rxd5 Kf8 19. Rhd1 Rab8 20. Bxd6
Bxd6 21. Rxd6 Rxd6 22. Rxd6 Ke7 23. Rd5 Rc8 24. c4 Rc6 25. Kc2 Rh6 26. h3 Rg6
27. Rd2 h5 28. h4 Rg3 29. Kd3 g5 30. hxg5 Rxg5 31. Ke3 f6 32. Kf2 Rg8 33. g3 b5
34. cxb5 axb5 35. Rd5 Rc8 36. Rxh5 Kd6 37. Rd5+ Kc6 38. Rf5 b4 39. Rxf6+ Kb5
40. Rd6 Ra8 41. a3 bxa3 42. bxa3 Rxa3 43. e5 c4 44. e6 Ra7 45. Rd7 Ra6 46. e7
Re6 47. f4 c3 48. Rc7 Kb4 49. f5 Re5 50. f6 Kb3 51. f7 Rf5+ 52. Kg2 Rxf7 53.
e8=Q Rxc7 54. Qb8+ 1-0

[Event "North Island Championship"]
[Site "Auckland Chess Centre"]
[Date "2012.07.12"]
[Round "4.12"]
[White "Lim, Benji"]
[Black "Lyall, Simon"]
[Result "1-0"]
[WhiteElo "2056"]
[BlackElo "1880"]
[PlyCount "81"]
[EventDate "2012.??.??"]

1. c4 e5 2. Nc3 Nc6 3. g3 f5 4. Bg2 Nf6 5. e3 d5 6. d4 e4 7. c5 Qd7 8. a3 Be7
9. b4 O-O 10. h4 h5 11. Nh3 g6 12. Nf4 Kg7 13. Qb3 Rd8 14. Bf1 Nb8 15. Be2 c6
16. a4 Rh8 17. Ba3 Ng4 18. Rb1 Qe8 19. b5 g5 20. Ng2 gxh4 21. Nxh4 Bxh4 22.
Rxh4 Qg6 23. bxc6 bxc6 24. Nxd5 cxd5 25. Qxd5 Nxe3 26. Qe5+ Qf6 27. Qxf6+ Kxf6
28. fxe3 Kg5 29. d5 Nd7 30. Kf2 Nf6 31. Bb2 Rh7 32. Bxf6+ Kxf6 33. Rxh5 Rxh5
34. Bxh5 Ba6 35. Be2 Bxe2 36. Kxe2 Ke5 37. Rd1 Rc8 38. d6 Rd8 39. d7 Ke6 40. c6
Rh8 41. d8=Q 1-0

[Event "North Island Championship"]
[Site "Auckland Chess Centre"]
[Date "2012.07.12"]
[Round "4.13"]
[White "Zhang, William Jeiwen"]
[Black "Kolev, Stefan"]
[Result "1-0"]
[WhiteElo "1864"]
[BlackElo "1626"]
[PlyCount "111"]
[EventDate "2012.??.??"]

1. d4 d5 2. c4 dxc4 3. Nf3 Nf6 4. e3 c6 5. Bxc4 Nbd7 6. O-O Nb6 7. Bd3 Bg4 8.
h3 Bh5 9. Nbd2 e6 10. b3 Be7 11. Bb2 O-O 12. Qc2 Nbd5 13. a3 Rc8 14. b4 a5 15.
e4 Nf4 16. e5 N6d5 17. Bxh7+ Kh8 18. Be4 axb4 19. axb4 Nxb4 20. Qb3 b5 21. Kh2
Bg6 22. Bxg6 Nxg6 23. g3 Nd5 24. h4 Re8 25. Ne4 Nb6 26. Nfd2 Qd5 27. Rfc1 Qxb3
28. Nxb3 Na4 29. Ba3 Bxa3 30. Rxa3 Ne7 31. Nd6 Rf8 32. Nxc8 Rxc8 33. Nc5 Nb6
34. Ra7 Nbd5 35. Ne4 Kg8 36. Nc3 Rb8 37. Nxd5 Nxd5 38. Rb1 b4 39. Rb3 Kf8 40.
Kg2 Rb5 41. Kf3 g6 42. Ke4 Nc3+ 43. Kd3 Nd5 44. Kc4 Nb6+ 45. Kd3 Nd5 46. Ra6
Ne7 47. Kc4 Nd5 48. Rxc6 Rb8 49. Rc5 Kg7 50. Rxd5 exd5+ 51. Kxd5 Kf8 52. Kc4
Ke7 53. Rxb4 Rc8+ 54. Kd3 Ke6 55. Rb6+ Kd5 56. Rd6# 1-0

[Event "North Island Championship"]
[Site "Auckland Chess Centre"]
[Date "2012.07.12"]
[Round "4.14"]
[White "Dolejs, Dan"]
[Black "Kolev, Hristo"]
[Result "0-1"]
[WhiteElo "1822"]
[BlackElo "1733"]
[PlyCount "104"]
[EventDate "2012.??.??"]

1. e4 c5 2. Nf3 Nc6 3. Bc4 e6 4. c3 Nf6 5. d3 Qc7 6. Bg5 a6 7. Nbd2 Be7 8. Nf1
Bd6 9. Qd2 Ng4 10. Bb3 h6 11. Bh4 Bf4 12. Qe2 b5 13. Bg3 Bxg3 14. Nxg3 Bb7 15.
Nd2 Nf6 16. O-O O-O 17. Rac1 d5 18. d4 cxd4 19. cxd4 Qb6 20. e5 Nxd4 21. Qe3
Nd7 22. Bd1 Nc6 23. Qxb6 Nxb6 24. f4 Nc4 25. Nb3 Nd8 26. Rf2 Rc8 27. Bg4 Ne3
28. Rxc8 Nxg4 29. Rxd8 Rxd8 30. Re2 d4 31. h3 Ne3 32. Nxd4 Rxd4 33. Rxe3 Rxf4
34. Nh5 Re4 35. Rg3 Rxe5 36. Nf6+ Kh8 37. Ne8 Rg5 38. Rc3 Rxg2+ 39. Kf1 Rxb2
40. Rc7 Bg2+ 41. Ke1 Bxh3 42. Rxf7 Rg2 43. Ra7 Kg8 44. Rxa6 Kf8 45. Nc7 Rb2 46.
Kd1 Bf5 47. a3 h5 48. Rc6 h4 49. Kc1 Rb1+ 50. Kd2 h3 51. Rd6 Ke7 52. Rd4 h2 0-1

[Event "North Island Championship"]
[Site "Auckland Chess Centre"]
[Date "2012.07.12"]
[Round "4.15"]
[White "Gong, Daniel"]
[Black "Mukkattu, Philip"]
[Result "0-1"]
[WhiteElo "1570"]
[BlackElo "1788"]
[PlyCount "116"]
[EventDate "2012.??.??"]

1. e4 d5 2. exd5 Qxd5 3. Nc3 Qa5 4. d4 Nf6 5. h3 Bf5 6. Nf3 c6 7. Bd2 Qc7 8.
Bc4 e6 9. Nh4 Bg6 10. Nxg6 hxg6 11. O-O Nbd7 12. Re1 O-O-O 13. Be3 Nh5 14. Qd2
Nb6 15. Be2 e5 16. Rad1 exd4 17. Bxd4 c5 18. Be5 Rxd2 19. Bxc7 Rxd1 20. Rxd1
Kxc7 21. Nb5+ Kb8 22. Rd8+ Nc8 23. Nxa7 Kxa7 24. Rxc8 Nf4 25. Bc4 f6 26. Bd3
Nxd3 27. cxd3 g5 28. Kf1 g6 29. Ke2 Kb6 30. Ra8 Bg7 31. Ra3 f5 32. Rb3+ Kc6 33.
Kf3 Rh4 34. a3 Ra4 35. Ke3 g4 36. hxg4 Rxg4 37. g3 b5 38. Ke2 Kb6 39. d4 Rxd4
40. f4 Re4+ 41. Kf3 c4 42. Rb4 Bf8 43. g4 Re1 44. Kf2 Rb1 45. g5 Bxb4 46. axb4
Rxb2+ 47. Ke3 Rxb4 48. Kd4 c3+ 49. Kxc3 Rxf4 50. Kd3 Rg4 51. Kd2 Kc5 52. Kd3 b4
53. Kd2 Kc4 54. Kc2 Rg2+ 55. Kd1 b3 56. Kc1 Kc3 57. Kd1 b2 58. Ke1 b1=Q# 0-1

[Event "North Island Championship"]
[Site "Auckland Chess Centre"]
[Date "2012.07.12"]
[Round "4.16"]
[White "Dong, Olivia"]
[Black "Wang, Aaron"]
[Result "0-1"]
[WhiteElo "1250"]
[BlackElo "853"]
[PlyCount "82"]
[EventDate "2012.??.??"]

1. d4 d5 2. Bf4 c6 3. c3 Nf6 4. Nf3 g6 5. e3 Bg7 6. Bd3 O-O 7. h3 Be6 8. O-O
Nbd7 9. Nbd2 Nb6 10. Ng5 Qd7 11. Nxe6 Qxe6 12. Re1 Ne4 13. Bxe4 dxe4 14. Qc2
Rad8 15. Qxe4 Qxe4 16. Nxe4 Rfe8 17. Bc7 Rd7 18. Bxb6 axb6 19. Red1 e5 20. dxe5
Rxd1+ 21. Rxd1 Rxe5 22. Rd8+ Bf8 23. Nf6+ Kg7 24. Nxh7 Be7 25. Re8 Kxh7 26. f4
Rxe3 27. b3 Re4 28. Kf2 Bc5+ 29. Kf3 Rxe8 30. b4 Bxb4 31. cxb4 c5 32. a3 c4 33.
a4 c3 34. a5 bxa5 35. bxa5 c2 36. a6 c1=Q 37. axb7 Qc6+ 38. Kg3 Qxb7 39. h4 Qd5
40. Kg4 Re3 41. f5 Qxf5# 0-1

[Event "North Island Championship"]
[Site "Auckland Chess Centre"]
[Date "2012.07.13"]
[Round "5.1"]
[White "Wallis, Christopher"]
[Black "Li, Luke (Zuhao)"]
[Result "1/2-1/2"]
[WhiteElo "2251"]
[BlackElo "2333"]
[PlyCount "66"]
[EventDate "2012.??.??"]

1. e4 e5 2. Nf3 Nc6 3. Bb5 a6 4. Ba4 Nf6 5. Qe2 Be7 6. O-O b5 7. Bb3 d6 8. c3
O-O 9. Rd1 Na5 10. Bc2 c5 11. d4 Qc7 12. d5 c4 13. b4 cxb3 14. axb3 Bg4 15. h3
Bxf3 16. Qxf3 Nb7 17. Bb2 Nc5 18. Rc1 Nfd7 19. b4 Nb7 20. Bd3 Nb6 21. c4 bxc4
22. Na3 a5 23. Nxc4 Nxc4 24. Rxc4 Qd7 25. bxa5 Rxa5 26. Rxa5 Nxa5 27. Rb4 Qc7
28. Qe3 Rb8 29. Bc3 Rxb4 30. Bxb4 Nb3 31. Bf1 Nc5 32. g3 Qb6 33. Ba3 Qb1
1/2-1/2

[Event "North Island Championship"]
[Site "Auckland Chess Centre"]
[Date "2012.07.13"]
[Round "5.2"]
[White "Smith, Robert W"]
[Black "Browne, Jeremy A"]
[Result "1-0"]
[WhiteElo "2333"]
[BlackElo "2129"]
[PlyCount "117"]
[EventDate "2012.??.??"]

1. e4 c6 2. d3 d5 3. Nd2 e5 4. Ngf3 Bg4 5. h3 Bxf3 6. Qxf3 Nf6 7. g3 Nbd7 8.
Bg2 d4 9. O-O Qc7 10. c3 c5 11. a4 Bd6 12. Nc4 O-O 13. Bd2 Nb6 14. Nxd6 Qxd6
15. c4 Nbd7 16. Qe2 Rfe8 17. f4 Kf8 18. a5 Rab8 19. f5 b5 20. axb6 Qxb6 21. Ra2
Rb7 22. Rfa1 Ra8 23. Bf3 Nb8 24. Qd1 Qb3 25. Qb1 Nc6 26. Bd1 Qb6 27. Ra6 Qc7
28. Ba4 Rb6 29. Bxc6 Rxc6 30. b4 Rxa6 31. Rxa6 Qb7 32. b5 Nd7 33. Qa2 Nb8 34.
Ra5 Qb6 35. Kg2 Ke7 36. g4 h6 37. Kf3 Kd7 38. h4 Kc8 39. Be1 Kb7 40. Bg3 f6 41.
Qd2 Qd6 42. Be1 Nd7 43. Ra6 Nb6 44. Qa2 Qe7 45. Ba5 Nc8 46. Qa3 Qf8 47. Rc6 Nb6
48. Qxc5 Qxc5 49. Rxc5 Rd8 50. Rc6 Rd7 51. Bxb6 axb6 52. g5 hxg5 53. hxg5 Rf7
54. Kg4 Rf8 55. Re6 fxg5 56. Re7+ Kc8 57. Rxg7 Rh8 58. f6 Kd8 59. f7 1-0

[Event "North Island Championship"]
[Site "Auckland Chess Centre"]
[Date "2012.07.13"]
[Round "5.3"]
[White "Dordevic, Ivan"]
[Black "Duneas, John"]
[Result "1/2-1/2"]
[WhiteElo "2149"]
[BlackElo "2226"]
[PlyCount "119"]
[EventDate "2012.??.??"]

1. e4 e5 2. Nf3 Nc6 3. Bb5 a6 4. Bxc6 dxc6 5. O-O f6 6. d4 exd4 7. Nxd4 c5 8.
Nb3 Qxd1 9. Rxd1 Bd6 10. Na5 Nh6 11. Nc4 Be7 12. Bf4 Be6 13. Ne3 c6 14. Nc3 g5
15. Bg3 O-O 16. Na4 Rad8 17. Bc7 Rd4 18. c4 b5 19. Nb6 Bd8 20. Bxd8 Rfxd8 21.
a4 Ng4 22. Rxd4 Rxd4 23. cxb5 cxb5 24. axb5 axb5 25. Nxg4 Bxg4 26. Nd5 Kf7 27.
f3 Be6 28. Ra7+ Kf8 29. Nxf6 h6 30. e5 Rd1+ 31. Kf2 Rd2+ 32. Kg3 Rxb2 33. Ra6
Kf7 34. Ne4 Ra2 35. Nxc5 Rxa6 36. Nxa6 Kg6 37. f4 Kf5 38. fxg5 hxg5 39. h4
gxh4+ 40. Kxh4 Kxe5 41. g4 Bc8 42. Nb4 Kd4 43. g5 Kc5 44. Nc2 Bf5 45. Ne3 Bg6
46. Kg4 b4 47. Kf4 Kd4 48. Nd1 b3 49. Nb2 Be8 50. Kf5 Kc3 51. Nd1+ Kc2 52. Ne3+
Kd3 53. Nd1 Bh5 54. Nb2+ Kc3 55. Na4+ Kb4 56. Nb2 Ka3 57. Nc4+ Ka2 58. g6 Be2
59. Nd2 Bd3+ 60. Kf6 1/2-1/2

[Event "North Island Championship"]
[Site "Auckland Chess Centre"]
[Date "2012.07.13"]
[Round "5.4"]
[White "Steadman, Michael V R"]
[Black "Yang, Scott"]
[Result "1/2-1/2"]
[WhiteElo "2314"]
[BlackElo "2103"]
[PlyCount "123"]
[EventDate "2012.??.??"]

1. d4 d5 2. c4 e6 3. Nc3 Nf6 4. cxd5 exd5 5. Bg5 c6 6. Qc2 Be7 7. e3 Nbd7 8.
Bd3 O-O 9. Nge2 Re8 10. f3 h6 11. Bh4 Bb4 12. Bf2 Qc7 13. O-O Bd6 14. h3 a5 15.
Rac1 Qb8 16. e4 c5 17. exd5 cxd4 18. Nxd4 Nb6 19. Qb3 Nbd7 20. Bb5 Nc5 21. Qc2
Bd7 22. Nf5 Bf8 23. Bd4 Qf4 24. Bxd7 Ncxd7 25. g3 Qc7 26. Qf2 Rac8 27. Rce1 g6
28. d6 Qc6 29. Ne7+ Bxe7 30. dxe7 b5 31. b3 b4 32. Ne4 Nxe4 33. Rxe4 Nc5 34.
Bxc5 Qxc5 35. Qxc5 Rxc5 36. Rd1 f6 37. Re2 Kf7 38. Rd7 Rb5 39. Kf2 Rc5 40. h4
h5 41. g4 Rb5 42. Ke1 a4 43. Re4 axb3 44. axb3 f5 45. gxf5 gxf5 46. Re3 Rc5 47.
Kd2 Rc6 48. Rb7 Rc5 49. Rxb4 Rxe7 50. Rxe7+ Kxe7 51. Rc4 Rb5 52. Kc3 Re5 53.
Rd4 Re1 54. Kd3 Ke6 55. Kd2 Rh1 56. Rc4 Kd5 57. Ke3 Ke5 58. b4 Re1+ 59. Kf2 Rb1
60. f4+ Kd5 61. Rc5+ Ke4 62. Rc4+ 1/2-1/2

[Event "North Island Championship"]
[Site "Auckland Chess Centre"]
[Date "2012.07.13"]
[Round "5.5"]
[White "Tsoi, Nicole"]
[Black "Thornton, Gino A"]
[Result "0-1"]
[WhiteElo "1934"]
[BlackElo "2211"]
[PlyCount "90"]
[EventDate "2012.??.??"]

1. d4 Nf6 2. Bf4 b6 3. e3 Bb7 4. Nf3 e6 5. Nbd2 Be7 6. Bd3 O-O 7. O-O Nh5 8.
Bg3 Nxg3 9. hxg3 d6 10. c3 Nd7 11. Qc2 h6 12. a4 a6 13. Rfe1 c5 14. Qb3 Rc8 15.
Rac1 Rc7 16. e4 Qa8 17. Qd1 Rfc8 18. d5 exd5 19. exd5 Bf6 20. Ne4 Bxd5 21. Nxd6
Rd8 22. Ne4 Be7 23. c4 Be6 24. Qc2 Nf6 25. Rcd1 Rcd7 26. Nxf6+ Bxf6 27. Be4 Qb8
28. Qb3 Rxd1 29. Rxd1 Rxd1+ 30. Qxd1 Bxc4 31. Qc2 Be6 32. b3 Qd6 33. Bd3 a5 34.
Bc4 g6 35. Bxe6 Qxe6 36. Qd3 Kg7 37. Qc4 Qd7 38. Qc2 b5 39. axb5 Qxb5 40. Kh2
Qb4 41. Kg1 Qc3 42. Qxc3 Bxc3 43. Kf1 c4 44. bxc4 a4 45. Ne1 Bxe1 0-1

[Event "North Island Championship"]
[Site "Auckland Chess Centre"]
[Date "2012.07.13"]
[Round "5.6"]
[White "Qin, Joy Shu Yan"]
[Black "Stuart, Peter W"]
[Result "0-1"]
[WhiteElo "1485"]
[BlackElo "2107"]
[PlyCount "116"]
[EventDate "2012.??.??"]

1. e4 c5 2. c3 d5 3. exd5 Qxd5 4. d4 Nf6 5. Nf3 e6 6. h3 Nc6 7. Be3 cxd4 8.
cxd4 Be7 9. Nc3 Qd6 10. Be2 O-O 11. O-O Nb4 12. Bd2 Nbd5 13. Nxd5 Nxd5 14. Ne5
b6 15. Nc4 Qd8 16. Ne3 Bb7 17. Bf3 Qd7 18. Nxd5 Bxd5 19. Be3 Rfc8 20. Bxd5 Qxd5
21. b3 Ba3 22. Qd3 b5 23. Bc1 Be7 24. Bb2 Bf6 25. Qe3 Rc2 26. Rab1 Rxb2 27.
Rxb2 Bxd4 28. Qd2 Bxb2 29. Qxb2 Qd6 30. a3 Rd8 31. Rc1 a6 32. b4 Kf8 33. Qc2 g6
34. Qc6 Qxc6 35. Rxc6 Ra8 36. Rc5 Ra7 37. g3 Ke7 38. Kg2 Kd6 39. Rc3 Rc7 40.
Rd3+ Ke7 41. f4 f6 42. Re3 Rc4 43. Kf3 Kd6 44. Rd3+ Kc6 45. Re3 Kd5 46. Rd3+
Rd4 47. Rc3 e5 48. Rc5+ Kd6 49. fxe5+ fxe5 50. Ke3 Rc4 51. Rxc4 bxc4 52. Ke4 a5
53. bxa5 Kc5 54. Ke3 Kb5 55. Kd2 e4 56. Kc3 e3 57. Kc2 Kxa5 58. Kd1 c3 0-1

[Event "North Island Championship"]
[Site "Auckland Chess Centre"]
[Date "2012.07.13"]
[Round "5.7"]
[White "Kolev, Hristo"]
[Black "Milligan, Helen"]
[Result "1/2-1/2"]
[WhiteElo "1733"]
[BlackElo "2099"]
[PlyCount "120"]
[EventDate "2012.??.??"]

1. d4 Nf6 2. c4 g6 3. Nc3 Bg7 4. e4 d6 5. f4 O-O 6. Nf3 c5 7. d5 e6 8. Be2 exd5
9. cxd5 Bg4 10. O-O Re8 11. h3 Bxf3 12. Bxf3 Nfd7 13. Qc2 Na6 14. Be3 Nb4 15.
Qe2 Qe7 16. a3 Na6 17. Rae1 Nc7 18. Qf2 Rab8 19. Kh1 b5 20. e5 b4 21. exd6 Qxd6
22. Ne4 Rxe4 23. Bxe4 f5 24. Bf3 bxa3 25. bxa3 Rb2 26. Re2 Rb3 27. Rc2 Na6 28.
Be2 Rxa3 29. Bxa6 Rxa6 30. Bxc5 Qxd5 31. Bxa7 Rc6 32. Rd2 Qf7 33. Rfd1 Nf8 34.
Bd4 Bxd4 35. Rxd4 Rc7 36. Rd8 Re7 37. Qd4 Re4 38. Qd5 Qxd5 39. R1xd5 Re7 40.
Ra5 Kg7 41. Raa8 Rf7 42. Re8 Nd7 43. Ra7 Nf6 44. Rxf7+ Kxf7 45. Ra8 Nh5 46. Ra5
Nxf4 47. Ra7+ Kg8 48. Kh2 Nh5 49. g4 fxg4 50. hxg4 Nf6 51. Kg3 Ne8 52. Kh4 Nd6
53. Kg5 Ne4+ 54. Kf4 Nf6 55. Rb7 h6 56. g5 hxg5+ 57. Kxg5 Nh7+ 58. Kxg6 Nf8+
59. Kh6 Ne6 60. Kg6 Nf8+ 1/2-1/2

[Event "North Island Championship"]
[Site "Auckland Chess Centre"]
[Date "2012.07.13"]
[Round "5.8"]
[White "Liu, Brian"]
[Black "Perry, Roger L"]
[Result "0-1"]
[WhiteElo "1957"]
[BlackElo "2068"]
[PlyCount "44"]
[EventDate "2012.??.??"]

1. d4 Nf6 2. c4 g6 3. Nc3 d5 4. cxd5 Nxd5 5. e4 Nxc3 6. bxc3 Bg7 7. Bd3 c5 8.
Ne2 O-O 9. Be3 Nc6 10. d5 Ne5 11. Bxc5 Nxd3+ 12. Qxd3 f5 13. O-O fxe4 14. Qxe4
Bf5 15. Qb4 Qxd5 16. Rad1 Qxa2 17. Nd4 b6 18. Bxe7 Rf7 19. Nxf5 Rxf5 20. Qe4
Re8 21. Ra1 Qf7 22. Rxa7 Re5 0-1

[Event "North Island Championship"]
[Site "Auckland Chess Centre"]
[Date "2012.07.13"]
[Round "5.9"]
[White "Roberts, Michael H"]
[Black "Lim, Benji"]
[Result "0-1"]
[WhiteElo "1843"]
[BlackElo "2056"]
[PlyCount "66"]
[EventDate "2012.??.??"]

1. d4 Nf6 2. c4 g6 3. Nc3 Bg7 4. e4 d6 5. Nf3 O-O 6. Be2 e5 7. O-O Nc6 8. d5
Ne7 9. Ne1 Ne8 10. a4 a5 11. Ra3 f5 12. Nd3 Nf6 13. f3 f4 14. c5 g5 15. cxd6
cxd6 16. Nb5 Ne8 17. Qc2 Ng6 18. Rc3 Rf7 19. Bd2 Bd7 20. Rc1 Nh4 21. b3 Bf8 22.
Nc7 Nxc7 23. Rxc7 g4 24. Ne1 g3 25. h3 Qg5 26. Bf1 Qh5 27. Qd1 Bg7 28. R1c2 Ra7
29. Bc1 Bf6 30. Ba3 Bd8 31. R7c3 Bb6+ 32. Kh1 Bf2 33. Nd3 Nxg2 0-1

[Event "North Island Championship"]
[Site "Auckland Chess Centre"]
[Date "2012.07.13"]
[Round "5.10"]
[White "Ang, Alphaeus Wei Ern"]
[Black "Seabrook, Roy"]
[Result "1/2-1/2"]
[WhiteElo "1814"]
[BlackElo "1885"]
[PlyCount "150"]
[EventDate "2012.??.??"]

1. d4 f5 2. Nc3 Nf6 3. Bg5 g6 4. Bxf6 exf6 5. e3 b6 6. Bd3 Bb7 7. Nf3 Bg7 8.
Qe2 d5 9. O-O-O O-O 10. h4 Nc6 11. h5 Nb4 12. hxg6 hxg6 13. Nh4 Nxd3+ 14. cxd3
Qe8 15. g4 c5 16. gxf5 cxd4 17. Nxg6 dxc3 18. Qh5 cxb2+ 19. Kb1 d4 20. e4 Bxe4
21. dxe4 Qxe4+ 22. Kxb2 Rfc8 23. Rd2 d3 24. Qh4 Qxh4 25. Rxh4 Rc2+ 26. Rxc2
dxc2 27. Kxc2 Rc8+ 28. Kb2 Kf7 29. Rd4 Rc7 30. Nf4 Bf8 31. Ne6 Bc5 32. Rh4 Re7
33. Rh8 Rxe6 34. fxe6+ Kxe6 35. Re8+ Kf5 36. Re2 Kf4 37. Kc2 Kf3 38. Kd3 f5 39.
Re5 f4 40. Rf5 Bxf2 41. Kd2 a5 42. a4 Be3+ 43. Ke1 Ke4 44. Rf8 Kd3 45. Rc8 f3
46. Rc7 f2+ 47. Kf1 Bc5 48. Rh7 Kc4 49. Rh4+ Kb3 50. Rf4 Ka3 51. Rh4 Bb4 52.
Kxf2 Kxa4 53. Rh3 Bc5+ 54. Ke2 Kb5 55. Kd1 a4 56. Kc2 Bd4 57. Rd3 Kc4 58. Rh3
b5 59. Ra3 Kb4 60. Rd3 Bc5 61. Kb2 Kc4 62. Rc3+ Kd4 63. Rh3 b4 64. Rh4+ Kd3 65.
Rg4 Bd4+ 66. Ka2 b3+ 67. Ka3 b2 68. Rxd4+ Kxd4 69. Kxb2 Kc4 70. Ka3 Kb5 71. Kb2
Kb4 72. Ka2 a3 73. Ka1 Kb3 74. Kb1 a2+ 75. Ka1 Ka3 1/2-1/2

[Event "North Island Championship"]
[Site "Auckland Chess Centre"]
[Date "2012.07.13"]
[Round "5.11"]
[White "Eade, Don"]
[Black "Zhang, William Jeiwen"]
[Result "0-1"]
[WhiteElo "1867"]
[BlackElo "1864"]
[PlyCount "46"]
[EventDate "2012.??.??"]

1. e4 e6 2. d4 d5 3. Nd2 Nf6 4. Bd3 c5 5. Ngf3 c4 6. Be2 dxe4 7. Ng5 Qxd4 8.
Ndxe4 Nc6 9. Nxf6+ gxf6 10. Nf3 Qe4 11. O-O Rg8 12. g3 Ne5 13. Bf4 Nxf3+ 14.
Bxf3 Qxf4 15. Re1 Qd6 16. Qe2 Qc7 17. Rad1 Bc5 18. Qd2 Bd7 19. Bd5 O-O-O 20.
Bxc4 Bc6 21. Qc3 Rxd1 22. Rxd1 Qe5 23. Qd3 Qe4 0-1

[Event "North Island Championship"]
[Site "Auckland Chess Centre"]
[Date "2012.07.13"]
[Round "5.12"]
[White "Shierlaw, Hamish"]
[Black "Timergazi, Layla"]
[Result "1/2-1/2"]
[WhiteElo "1628"]
[BlackElo "1755"]
[PlyCount "83"]
[EventDate "2012.??.??"]

1. e4 c6 2. d4 d5 3. Nc3 dxe4 4. Nxe4 Bf5 5. Ng3 Bg6 6. Nf3 Nd7 7. Bd3 Bxd3 8.
Qxd3 Ngf6 9. O-O e6 10. Bd2 Qc7 11. Rfe1 Bd6 12. c4 O-O 13. Rad1 Rfd8 14. Qe2
c5 15. dxc5 Bxg3 16. hxg3 Nxc5 17. Bc3 Nce4 18. Bxf6 Nxf6 19. b3 h6 20. Ne5 Qa5
21. Nf3 Qc3 22. Rc1 Qd3 23. Qxd3 Rxd3 24. Rcd1 Rad8 25. Rxd3 Rxd3 26. Kf1 Kf8
27. Ke2 Rd7 28. Nd2 Ke7 29. Rd1 g5 30. f3 Nh5 31. Nf1 Rxd1 32. Kxd1 Kd6 33. Kd2
f5 34. Kd3 Kc5 35. a3 a5 36. Kc3 e5 37. Kd3 b5 38. cxb5 Kxb5 39. Kc3 Kc5 40.
Kd3 Kb5 41. Kc3 Kc5 42. Kd3 1/2-1/2

[Event "North Island Championship"]
[Site "Auckland Chess Centre"]
[Date "2012.07.13"]
[Round "5.13"]
[White "Lyall, Simon"]
[Black "Goodhue, Nathan"]
[Result "0-1"]
[WhiteElo "1880"]
[BlackElo "2118"]
[PlyCount "98"]
[EventDate "2012.??.??"]

1. e4 g6 2. d4 Bg7 3. Nc3 d6 4. f4 a6 5. e5 dxe5 6. dxe5 Qxd1+ 7. Nxd1 Bf5 8.
Ne3 Be4 9. Nf3 Bxf3 10. gxf3 e6 11. b3 Nc6 12. Bb2 Bh6 13. Ng2 Nge7 14. c4
O-O-O 15. Bc3 Nd4 16. Kf2 Nef5 17. c5 Ng7 18. Rd1 Nc6 19. Bd3 Nh5 20. Ke3 Rd5
21. b4 Rhd8 22. Bc2 Nxe5 23. Rxd5 Nc4+ 24. Kd4 exd5 25. f5 Na3 26. Ba4 gxf5 27.
Nh4 Bg7+ 28. Kd3 Nf4+ 29. Ke3 Bxc3 30. Kxf4 Bxb4 31. Nxf5 Bxc5 32. Ke5 b5 33.
Bb3 Nc4+ 34. Kf6 Rd7 35. Rd1 Bf8 36. a4 c5 37. axb5 axb5 38. Rg1 Kc7 39. Rg8
Bd6 40. Nxd6 Kxd6 41. Rh8 d4 42. Rxh7 d3 43. Rg7 d2 44. h4 Ne3 45. Rg1 c4 46.
h5 cxb3 47. h6 d1=Q 48. Rxd1+ Nxd1 49. h7 Rd8 0-1